[Event "St Petersburg Korchnoi Memorial op"]
[Site "St Petersburg"]
[Date "2024.08.20"]
[Round "6"]
[White "Stepanov, Ivan"]
[Black "Zhelonkin, Kirill Mikh"]
[Result "1-0"]
[WhiteElo "1823"]
[BlackElo "1663"]
[PlyCount "45"]
[EventDate "2024.08.17"]
[EventType "swiss"]
[EventRounds "9"]
[EventCountry "RUS"]
[SourceTitle "EXT 2025"]
[Source "ChessBase"]
[SourceDate "2024.10.14"]
[SourceVersion "1"]
[SourceVersionDate "2024.10.14"]
[SourceQuality "1"]

1. Nf3 Nf6 2. g3 d5 3. d4 e6 4. c4 c5 5. cxd5 Nxd5 6. Bg2 Nc6 7. 0-0 Be7 8. dxc5 Bxc5 9. Qc2 Be7 10. Rd1 Qb6 11. Nc3 Ncb4 12. Qb3 Bd7 13. Ne5 Bc6 14. Nxc6 bxc6 15. Nxd5 exd5 16. Be3 Qc7 17. a3 Na6 18. Rac1 Qd7 19. Rxc6 Nc7 20. Qb7 Rc8 21. Rxd5 Nxd5 22. Rxc8+ Bd8 23. Bxd5 1-0

[Event "St Petersburg Korchnoi Memorial op"]
[Site "St Petersburg"]
[Date "2024.08.17"]
[Round "1"]
[White "Stepanov, Ivan"]
[Black "Kundianok, Vladislav"]
[Result "0-1"]
[WhiteElo "1823"]
[BlackElo "2352"]
[PlyCount "74"]
[EventDate "2024.08.17"]
[EventType "swiss"]
[EventRounds "9"]
[EventCountry "RUS"]
[SourceTitle "CBM 221 Extra"]
[Source "ChessBase"]
[SourceDate "2024.09.30"]
[SourceVersion "1"]
[SourceVersionDate "2024.09.30"]
[SourceQuality "1"]

1. Nf3 Nf6 2. d4 d5 3. g3 c5 4. Bg2 cxd4 5. Nxd4 e5 6. Nf3 Nc6 7. 0-0 Be7 8. c4 d4 9. Ng5 0-0 10. Qb3 h6 11. Ne4 Ne8 12. Ned2 f5 13. Bd5+ Kh8 14. e4 dxe3 15. fxe3 e4 16. Nc3 Nf6 17. Qd1 Nb4 18. Nb3 Qd6 19. a3 Nd3 20. Nb5 Qe5 21. N3d4 Ng4 22. Qe2 a6 23. Nc3 Bc5 24. Nc2 Be6 25. Bxe6 Qxe6 26. Nd5 Rac8 27. Nf4 Qd6 28. b4 Nxf4 29. Rxf4 Qd3 30. Qxd3 exd3 31. Nd4 Bxd4 32. Rxd4 Ne5 33. Kf2 Rxc4 34. Bd2 Rc2 35. Rd1 Re8 36. a4 Nc4 37. Rxd3 Nb2 0-1

[Event "Sochi Amateur op 6th"]
[Site "Sochi"]
[Date "2019.04.13"]
[Round "9"]
[White "Stepanov, Ivan"]
[Black "Bugaev, Anton"]
[Result "0-1"]
[WhiteElo "1743"]
[BlackElo "1768"]
[PlyCount "62"]
[EventDate "2019.04.07"]
[EventType "swiss"]
[EventRounds "9"]
[EventCountry "RUS"]
[SourceTitle "CBM 189 Extra"]
[Source "ChessBase"]
[SourceDate "2019.05.31"]
[SourceVersion "1"]
[SourceVersionDate "2019.05.31"]
[SourceQuality "1"]

1. c4 Nf6 2. Nf3 g6 3. g3 Bg7 4. Bg2 d5 5. 0-0 0-0 6. d4 c6 7. cxd5 cxd5 8. Nc3 Nc6 9. Qb3 e6 10. Bf4 Nh5 11. Bd2 Nxd4 12. Nxd4 Bxd4 13. Nb5 Bf6 14. Rac1 Qb6 15. Be3 d4 16. Bh6 Rd8 17. g4 Ng7 18. Qf3 Be5 19. Qd3 Bd7 20. Na3 Qb4 21. Rc4 Qe7 22. f4 Bd6 23. Qxd4 Ne8 24. Nb1 Bb5 25. Rc2 Bxe2 26. Rf2 Bxg4 27. Kh1 Bf5 28. Be4 Bc5 29. Qxc5 Bxe4+ 30. Kg1 Qxc5 31. Rxc5 Bxb1 0-1

[Event "Sochi Amateur op 6th"]
[Site "Sochi"]
[Date "2019.04.12"]
[Round "8"]
[White "Gorobets, Sergey"]
[Black "Stepanov, Ivan"]
[Result "1-0"]
[WhiteElo "1895"]
[BlackElo "1743"]
[PlyCount "95"]
[EventDate "2019.04.07"]
[EventType "swiss"]
[EventRounds "9"]
[EventCountry "RUS"]
[SourceTitle "CBM 189 Extra"]
[Source "ChessBase"]
[SourceDate "2019.05.31"]
[SourceVersion "1"]
[SourceVersionDate "2019.05.31"]
[SourceQuality "1"]

1. d4 Nf6 2. Bg5 Ne4 3. Bf4 c5 4. f3 Qa5+ 5. c3 Nf6 6. Nd2 cxd4 7. Nb3 Qb6 8. Qxd4 Nc6 9. Qxb6 axb6 10. Nd4 e5 11. Nxc6 exf4 12. Nd4 Nd5 13. g3 Bc5 14. gxf4 Nxf4 15. e3 Ne6 16. Bc4 0-0 17. Nge2 Rd8 18. e4 Nxd4 19. Nxd4 Bxd4 20. cxd4 d6 21. a3 Be6 22. d5 Bd7 23. Kd2 f5 24. Rac1 fxe4 25. fxe4 Rf8 26. Ke3 Rf6 27. Be2 Rh6 28. h4 Rg6 29. Rc7 Ba4 30. h5 Rg3+ 31. Kd4 Bb3 32. Bb5 Ba4 33. Bd7 Bxd7 34. Rxd7 Ra4+ 35. b4 Raxa3 36. Rxd6 Rg5 37. Rf1 h6 38. Rd8+ Kh7 39. Rf5 Rxf5 40. exf5 Rf3 41. Ke5 Re3+ 42. Kd6 Rb3 43. Kc7 Rxb4 44. d6 Rf4 45. d7 Rxf5 46. Rh8+ Kxh8 47. d8Q+ Kh7 48. Qd3 1-0

[Event "Yaroslav the Wise op"]
[Site "Yaroslavl"]
[Date "2018.07.22"]
[Round "3"]
[White "Stepanov, Ivan"]
[Black "Sapegin, Viktor"]
[Result "0-1"]
[WhiteElo "1721"]
[BlackElo "2201"]
[PlyCount "106"]
[EventDate "2018.07.20"]
[EventType "swiss"]
[EventRounds "9"]
[EventCountry "RUS"]
[SourceTitle "CBM 186 Extra"]
[Source "ChessBase"]
[SourceDate "2018.08.24"]
[SourceVersion "1"]
[SourceVersionDate "2018.08.24"]
[SourceQuality "1"]

1. Nf3 Nf6 2. g3 g6 3. Bg2 Bg7 4. 0-0 0-0 5. c4 d6 6. Nc3 Nc6 7. d3 e5 8. Rb1 a5 9. a3 h6 10. b4 axb4 11. axb4 Be6 12. Nd2 Rb8 13. b5 Ne7 14. b6 c6 15. Ba3 Ra8 16. Qb3 Qd7 17. Nde4 Nxe4 18. Nxe4 Nc8 19. Qb4 Rd8 20. c5 d5 21. Nd2 Ne7 22. Bb2 d4 23. Ra1 Nd5 24. Bxd5 Qxd5 25. Ra7 Bh3 26. f3 Bxf1 27. Kxf1 Rab8 28. Ne4 f5 29. Nd6 Rd7 30. Qa5 Bf8 31. Ba3 Bxd6 32. cxd6 Qxa5 33. Rxa5 Re8 34. Bc5 Kf7 35. Kf2 g5 36. Ra7 f4 37. g4 Ke6 38. Bb4 Rc8 39. Bc5 Rb8 40. Ke1 Rxd6 41. Bxd6 Kxd6 42. Kd2 c5 43. Kc2 Kc6 44. Kb3 Kxb6 45. Ra1 Kc6 46. h4 Kd5 47. hxg5 hxg5 48. Rh1 b5 49. Rh5 c4+ 50. Kb2 c3+ 51. Kb1 b4 52. Rh7 b3 53. Rc7 Rh8 0-1

[Event "Samara Polugaevsky Memorial 7th"]
[Site "Samara"]
[Date "2017.07.12"]
[Round "5"]
[White "Vdovina, Elena"]
[Black "Stepanov, Ivan"]
[Result "0-1"]
[WhiteElo "1446"]
[BlackElo "1770"]
[PlyCount "50"]
[EventDate "2017.07.08"]
[EventType "swiss"]
[EventRounds "9"]
[EventCountry "RUS"]
[SourceTitle "EXT 2018"]
[Source "ChessBase"]
[SourceDate "2017.10.13"]
[SourceVersion "1"]
[SourceVersionDate "2017.10.13"]
[SourceQuality "1"]

1. d4 Nf6 2. Nf3 c5 3. e3 g6 4. Bd3 Bg7 5. 0-0 cxd4 6. exd4 d6 7. Be3 0-0 8. h3 Nbd7 9. Qc1 e5 10. Nc3 Re8 11. Ng5 Nb6 12. f4 exd4 13. Bxd4 d5 14. Ne2 Ne4 15. Bxg7 Kxg7 16. Nf3 Na4 17. Nfd4 Qb6 18. Bb5 Ng3 19. Nxg3 Qxd4+ 20. Kh2 Re4 21. f5 Rh4 22. fxg6 hxg6 23. Bd3 Bxh3 24. gxh3 Qg4 25. Bxg6 Rxh3+ 0-1

[Event "Chigorin Memorial 24th"]
[Site "St Petersburg"]
[Date "2016.10.20"]
[Round "6"]
[White "Dushin, Nikolay"]
[Black "Stepanov, Ivan"]
[Result "1-0"]
[WhiteElo "1948"]
[BlackElo "1760"]
[PlyCount "71"]
[EventDate "2016.10.15"]
[EventType "swiss"]
[EventRounds "9"]
[EventCountry "RUS"]
[SourceTitle "CBM 175 Extra"]
[Source "ChessBase"]
[SourceDate "2016.12.12"]
[SourceVersion "1"]
[SourceVersionDate "2016.12.12"]
[SourceQuality "1"]

1. Nf3 Nf6 2. c4 g6 3. b3 Bg7 4. Bb2 0-0 5. g3 d5 6. cxd5 Nxd5 7. Bxg7 Kxg7 8. Bg2 c6 9. 0-0 Bg4 10. Qc2 Bxf3 11. Bxf3 Nd7 12. Nc3 N7f6 13. Na4 Nb6 14. Nc5 Qc7 15. d4 Rfd8 16. Rfd1 e6 17. b4 Rac8 18. Qb2 Kg8 19. Rac1 Qe7 20. a4 Rc7 21. a5 Nbd7 22. Nd3 Rdc8 23. e4 Nb8 24. h4 h5 25. Kg2 b6 26. Ra1 c5 27. axb6 axb6 28. bxc5 bxc5 29. Nxc5 Nbd7 30. e5 Nxc5 31. dxc5 Nd7 32. c6 Nb8 33. Rd6 Nxc6 34. Bxc6 Rxc6 35. Rxc6 Rxc6 36. Ra8+ 1-0

[Event "Chigorin Memorial 24th"]
[Site "St Petersburg"]
[Date "2016.10.15"]
[Round "1"]
[White "Stepanov, Ivan"]
[Black "Ovchinnikov, Vsevolod"]
[Result "0-1"]
[WhiteElo "1760"]
[BlackElo "2263"]
[PlyCount "76"]
[EventDate "2016.10.15"]
[EventType "swiss"]
[EventRounds "9"]
[EventCountry "RUS"]
[SourceTitle "CBM 175 Extra"]
[Source "ChessBase"]
[SourceDate "2016.12.12"]
[SourceVersion "1"]
[SourceVersionDate "2016.12.12"]
[SourceQuality "1"]

1. Nf3 Nf6 2. g3 g6 3. Bg2 Bg7 4. 0-0 0-0 5. c4 d5 6. cxd5 Nxd5 7. Nc3 Nb6 8. d3 Nc6 9. Bg5 h6 10. Be3 e5 11. Qd2 Kh7 12. Rfc1 Nd4 13. Ne1 f5 14. Rab1 c6 15. b4 Rb8 16. b5 c5 17. a4 Be6 18. a5 Nc8 19. Bxd4 exd4 20. b6 dxc3 21. Qf4 Nxb6 22. axb6 axb6 23. Qa4 Ra8 24. Qb5 Ba2 25. Bxb7 Ra5 26. Qxb6 Bxb1 27. Qxb1 Qc7 28. Bd5 Rb8 29. Qc2 Rb2 30. Qd1 Rd2 31. Qb3 Rxe2 32. Bg8+ Kh8 33. Bf7 Ra6 34. Bc4 Rb6 35. Qa4 Rb8 36. Nc2 Qb7 37. d4 Qb2 38. Re1 Qxc2 0-1